Japani kuvien mukaan - Statistics

Yleistilastot
  • Tätä visaa on pelattu 931 kertaa
  • Keskiarvotulos 12 / 18
Vastaustilastot
Kuvavisa Hint Vastaus % Oikein
Sushi
99%
Sumo
98%
Toyota
93%
(tuotesarja) Pokémon
90%
(kansalliskukka) Kirsikankukka
87%
Fuji
83%
Origami
83%
(keskiaikainen sotilas) Samurai
75%
Shinkansen
73%
(saari) Hokkaido
65%
(vaatekappale) Kimono
65%
(uskonto) Šintolaisuus
62%
(entinen keisari) Hirohito
49%
(kaupunki) Kioto
44%
Japanin{makaki}
29%
(pääministeri 2012–2020) Shinzō Abe
26%
Zen
19%
(korkein rakennus) Tokyo Skytree
14%
Ehtoja vastaavia visoja ei löytynyt
Tulosjakauma
Jokaisen tuloksen saaneiden osuus
Persentiili vastausten määrän mukaan
Tuloshistoriasi
Et ole pelannut tätä visaa